000 00492nam a2200181Ia 4500
008 090124s9999 xx 000 0 und d
082 _b31986
100 _aभागवत दुर्गा
245 _a कदंब
250 _a1
260 _bअथेना प्रकाशन
_c1993
300 _a154
600 _aभागवत दुर्गा
630 _a कदंब
700 _aभागवत दुर्गा
730 _a कदंब
942 _cBOOK
999 _c97819
_d97819